000
00257nam a2200097Ia 4500
001
655258
005
20250826154533.0
008
250824s9999 xx 000 0 und d
245
0
_a
BANU CİHAN ANTİK
_c
SÜLEYMAN TEVFİK
260
_b
ANTİK DÜNYA KLASİKLERİ
999
_c
655258
_d
655258